1555 1833 1566 1958 1202 1821 1601 1099 1261 1320 1779 1623 1498 1522 1954 1093 1036 1435 1747 1112 1129 1907 1381 1997 1806 1944 1260 1787 1641 1050 1544 1102 1070 1182 1929 1767 1229 1788 1680 1252 1100 1069 1763 1118 1163 1999 1314 1288 1637 1201 1766 1624 1641 1605 1196 1807 1053 1658 1731 1220 1946 1602 1319 1644 1361 1522 1813 1122 1557 1775 1585 1049 1457 1455 1483 1082 1895 1688 1575 1169 1176 1063 1836 1442 1914 1145 1799 1137 1902 1443 1268 1814 1209 1376 1833 1719 1236 1998 1968 BCNSPRNW ULIB Ver.6.0+V

เปลี่ยนเป็นภาษาไทย

Change to English
 แสดงรายละเอียดบรรณานุกรม
  กลับหน้าหลัก

Brief Record : Get Marc (ISO 2709) : E-mail record : QR code < ปิดหน้าต่าง
LEADER : 00000nam 2200000uu 4500
001    13399113508
003     ULIB
008    111123s2553||||th 000 0 tha d
020    ^a9786167123479
090    ^aนว.^bช253ว 2553
100 0  ^aชลิมา
245 00 ^aวังวนหัวใจกลไกแห่งรัก/^cชลิมา
250    ^aพิมพ์ครั้งที่ 1
260    ^aกรุงเทพฯ :^bGreen Mind,^c2553
300    ^a376 หน้า
710 1  ^aGreen Mind
945    ^p249^l0^i17051
995    ^aกัณชพร
999    ^aใช้งานได้ทุกระบบ
รายการนี้ยังไม่มีแท็ก
คุณยังไม่ได้ล็อกอิน คุณสามารถมีกิจกรรมร่วมกับเว็บไซต์ได้ แต่ต้องล็อกอินก่อน ::
  ล็อกอิน

รายการสื่อสารสนเทศ

ลำดับที่ ประเภท เลขเรียก/บาร์โค้ด สถานที่ สถานะ
1. นวนิยาย
นวนิยาย
นว. ช253ว 2553  
  Barcode: 17051
ห้องสมุดวิทยาเขตสวรรค์ประชารักษ์
►นวนิยาย
บนชั้น
  ขอยืม

BibComment


ยังไม่เคยถูกคอมเมนท์

คอมเมนท์ทรัพยากรรายการนี้
  คอมเมนท์: วังวนหัวใจกลไกแห..


 Copyright 2026. Bcnsprnw @Library